000 00707nam a2200241Ia 4500
003 OSt
005 20260110100838.0
008 210719s2020 xx 000 0 und d
020 _a978989648041
040 _cAL
041 _aeng
082 _a820.33 JAMC
100 _aJames V J
_9181784
245 _aChorashastra
_b: the subtle science of thievery
260 _aChennai
_bWestland books pvt ltd.,
_c2020
300 _a166p.
_bPB
365 _b299
_c
650 _aIndian English Fiction
_9181785
650 _aIndian English Fiction
_9181785
700 _aNair, Morley J
_9181786
906 _aby ; Chorashastra:the ; J. ; Morley ; Nair ; science ; subtle ; thievery ; Tr
942 _2ddc
_cBK
999 _c211760
_d211760